书目信息 |
| 题名: |
金属矿床露天与地下开采
|
|
| 作者: | 王家臣 , 王炳文 编著 | |
| 分册: | ||
| 出版信息: | 徐州 中国矿业大学出版社 2008.02 |
|
| 页数: | 363页 | |
| 开本: | 26cm | |
| 丛书名: | ||
| 单 册: | ||
| 中图分类: | TD853 | |
| 科图分类: | ||
| 主题词: | 金属矿开采--jin shu kuang kai cai--地下开采--高等学校--教材 | |
| 电子资源: | ||
| ISBN: | 978-7-81107-910-4 | |
| 000 | 00927nam0 2200253 450 | |
| 001 | 012009637109 | |
| 005 | 20090504102936.59 | |
| 010 | @a978-7-81107-910-4@dCNY45.00 | |
| 100 | @a20090504d2008 em y0chi0120 ea | |
| 101 | 0 | @achi |
| 102 | @aCN@b340000 | |
| 105 | @aa a 000yy | |
| 106 | @ar | |
| 200 | 1 | @a金属矿床露天与地下开采@Ajin shu kuang chuang lu tian yu di xia kai cai@f王家臣, 王炳文编著@Fwang jia chen,wang bing wen bian zhu |
| 210 | @a徐州@c中国矿业大学出版社@d2008.02 | |
| 215 | @a363页@c图@d26cm | |
| 320 | @a有书目 (第363页) | |
| 330 | @a本书主要内容包括:矿床露天开采概论,矿岩松碎工作,采装工作,露天矿运输,排岩工作,露天开采境界,矿床露天开拓等。 | |
| 606 | 0 | @a金属矿开采@Ajin shu kuang kai cai@x地下开采@x高等学校@j教材 |
| 690 | @aTD853@v4 | |
| 701 | 0 | @a王家臣@Awang jia chen@4编著 |
| 701 | 0 | @a王炳文@Awang bing wen@4编著 |
| 801 | 0 | @aCN@bQSSK@c20090504 |
| 905 | @b740448-50@dTD853@eW220@f3 | |
| 金属矿床露天与地下开采/王家臣, 王炳文编著.-徐州:中国矿业大学出版社,2008.02 |
| 363页:图;26cm |
| ISBN 978-7-81107-910-4:CNY45.00 |
| 本书主要内容包括:矿床露天开采概论,矿岩松碎工作,采装工作,露天矿运输,排岩工作,露天开采境界,矿床露天开拓等。 |
| ● |
| 相关链接 |
|
|
|
正题名:金属矿床露天与地下开采
索取号:TD853/W220
 
预约/预借
| 序号 | 登录号 | 条形码 | 馆藏地/架位号 | 状态 | 备注 |
| 1 | 740448 | 207404487 | 自科二线504/501自科库 22排1列1层/ [索取号:TD853/W220] | 在馆 | |
| 2 | 740449 | 207404496 | 自科二线504/504自科库 41排1列6层/ [索取号:TD853/W220] | 在馆 | |
| 3 | 740450 | 207404502 | 自科库501/501自科库 22排1列1层/ [索取号:TD853/W220] | 在馆 |